Các bảng tính toán thủy lực cống và mương thoát nước

Đã lưu trong:
Bibliografiske detaljer
Hovedforfatter: Trần Hữu Uyển
Format: Bog
Sprog:Vietnamese
Udgivet: Xây dựng 2003
Fag:
Tags: Tilføj Tag
Ingen Tags, Vær først til at tagge denne postø!
Thư viện lưu trữ: Mạng thư viện Đại học Đà Nẵng
LEADER 00997nam a2200313 a 4500
001 000003173
003 02424
005 20171229145311.0
008 171229s2003 vie
040 |a LSK 
041 0 |a VIE 
082 0 |a 628.1  |b TR-U 
100 1 |a Trần Hữu Uyển 
245 0 0 |a Các bảng tính toán thủy lực cống và mương thoát nước 
260 |b Xây dựng  |c 2003 
300 |a 256 pages  |c 27 cm. 
653 |a Thủy lực học 
852 |a Phòng Đọc - Phòng Mượn 
901 |a 49 
927 |a Sách tham khảo 
OWN |a LSK 
AVA |a UDN50  |b LSK  |d 628.1 TR-U  |e check_holdings  |t Error 5003 Not defined in file expand_doc_bib_avail.  |h N  |k 1 
999 |a From the UDN01 
AVA |a UDN50  |b LSK  |d 628.1 TR-U  |e available  |t Error 5001 Not defined in file expand_doc_bib_avail.  |f 49  |g 1  |h N  |i 0  |k 1 
TYP |a Monograph 
TYP |a Printed language 
980 |a Mạng thư viện Đại học Đà Nẵng